|
|
|
|
| LEADER |
00000nam2a2200000 4500 |
| 001 |
263993 |
| 005 |
20231101233806.0 |
| 020 |
|
|
|a RU
|b 88-61480
|
| 035 |
|
|
|a (RuTPU)RU\TPU\book\286984
|
| 035 |
|
|
|a RU\TPU\book\286979
|
| 090 |
|
|
|a 263993
|
| 100 |
|
|
|a 20140616g1987 k a0rusy5003 ca
|
| 101 |
0 |
|
|a rus
|
| 102 |
|
|
|a RU
|
| 105 |
|
|
|a y z 000zy
|
| 200 |
0 |
|
|a Ч. 2
|
| 210 |
|
|
|d 1987
|
| 215 |
|
|
|a 149 с.
|
| 461 |
|
1 |
|0 (RuTPU)RU\TPU\book\280692
|t Типовые решения по организации труда и управления производством в геологоразведочной экспедиции
|f Всесоюзный научно-исследовательский институт экономики минерального сырья и геологоразведочных работ (ВИЭМС) ; сост. А. В. Голубков
|v Ч. 2
|d 1987-
|
| 606 |
1 |
|
|a Геологоразведочные работы
|x Экономика
|2 stltpush
|3 (RuTPU)RU\TPU\subj\6152
|9 34108
|
| 610 |
1 |
|
|a типовые решения
|
| 610 |
1 |
|
|a производство
|
| 610 |
1 |
|
|a управление
|
| 610 |
1 |
|
|a аппарат
|
| 610 |
1 |
|
|a структура
|
| 610 |
1 |
|
|a правовое обеспечение
|
| 610 |
1 |
|
|a информационное обеспечение
|
| 675 |
|
|
|a 550.8.02:658
|z rus
|
| 801 |
|
0 |
|a RU
|b RuMRKP
|c 19950417
|g psbo
|
| 801 |
|
1 |
|a RU
|b 63413507
|c 20140605
|
| 801 |
|
2 |
|a RU
|b 63413507
|c 20150218
|g RCR
|
| 942 |
|
|
|c BK
|